[Event "Top 12 FRA-chT 2017"]
[Site "Chartres"]
[Date "2017.05.20"]
[Round "3"]
[White "Flear, Glenn C"]
[Black "Malakhov, Vladimir"]
[Result "0-1"]
[WhiteElo "2439"]
[BlackElo "2712"]
[Annotator "TA"]
[PlyCount "80"]
[EventDate "2017.??.??"]
[EventType "team-tourn"]
[EventCountry "FRA"]
[SourceTitle "playchess.com"]
[Source "ChessBase"]
[SourceQuality "1"]
[WhiteTeam "Montpellier"]
[BlackTeam "Tremblay-En-France"]

{[%evp 20,80,43,36,46,38,42,32,29,0,8,14,17,-14,-13,-11,-27,-33,-29,-59,-55,-73,-68,-40,-45,-54,-40,-42,-33,-30,-25,-20,-25,-29,-21,-41,-22,-33,-37,-145,-147,-146,-158,-152,-142,-150,-143,-175,-180,-176,-176,-265,-264,-260,-257,-249,-249,-319,-318,-308,-304,-383,-318]} 1. d4 g6 2. e4 Bg7 3. c4 c5 4. d5 d6 5. Nc3 e6 6. Nf3 exd5 7. cxd5 a6 8. h3 b5 9. Bd3 Nf6 10. O-O O-O 11. Re1 Nbd7 {A70: Modern Benoni: 6 e4 g6 7 Nf3} (11... Re8 12. a3 Ra7 13. Bf4 Rae7 14. Rc1 Qb6 15. b4 Nbd7 16. Qd2 Bb7 17. Be3 Qd8 18. Bf4 Qb6 19. Bg5 Rc8 20. Be3 Qd8 21. Bf4 {0-1 (55) Onischuk,A (2670)-Bacrot,E (2691) Biel 2008}) 12. Bf4 Qb6 13. Qd2 Re8 {White is slightly better.} 14. a3 c4 15. Bc2 Nc5 16. e5 dxe5 $1 17. Bxe5 Bb7 18. Rad1 Ncd7 19. Bf4 Rxe1+ 20. Rxe1 {[#]} Re8 $146 21. Rxe8+ Nxe8 22. d6 Bxf3 23. gxf3 Bf8 {[%cal Rf8d6]} 24. Nd5 Qd8 25. Nc7 Ndf6 {[%cal Rf8d6]} 26. Nxa6 Bxd6 27. Nb4 Nh5 28. Bxd6 Nxd6 29. Nd5 (29. a4 $15) 29... Ne8 $1 $17 30. Qe3 Qxd5 31. Qxe8+ Kg7 32. Qe3 Qd6 $1 33. a4 {[#]} b4 $1 34. a5 {[#]} Qf6 $1 {[%cal Rf6b2]} 35. Qc5 (35. Kg2 $142) 35... Qxb2 $19 36. Qxc4 Qa1+ 37. Kg2 Qxa5 38. Bb3 Qg5+ 39. Kf1 Qf4 40. Qc6 Qf5 {Precision: White = 62%, Black = 94%.} 0-1

[Event "Top 12 FRA-chT 2017"]
[Site "Chartres"]
[Date "2017.05.20"]
[Round "3"]
[White "Vitoux, Colomban"]
[Black "Riff, Jean-Noel"]
[Result "0-1"]
[WhiteElo "2382"]
[BlackElo "2476"]
[Annotator "TA"]
[PlyCount "42"]
[EventDate "2017.??.??"]
[EventType "team-tourn"]
[EventCountry "FRA"]
[SourceTitle "playchess.com"]
[Source "ChessBase"]
[SourceQuality "1"]
[WhiteTeam "Strasbourg"]
[BlackTeam "Mulhouse Philidor"]

{[%evp 21,42,-36,-43,-52,-22,-42,-69,-67,-74,-66,-68,-66,-70,-399,-383,-360,-360,-393,-391,-394,-377,-377,-371]} 1. e4 c5 2. Nf3 d6 3. d4 cxd4 4. Nxd4 Nf6 5. Nc3 a6 6. Bg5 e6 7. f4 h6 8. Bh4 Qb6 9. Qd2 Qxb2 10. Rb1 Qa3 11. e5 dxe5 {LiveBook: 244 Games. B97: Sicilian Najdorf: Poisoned Pawn} 12. fxe5 Nfd7 {next ...Bb4 is good for Black.} 13. Ne4 $1 Qxa2 {Black is slightly better.} 14. Rd1 {Threatening Qc3.} Qd5 15. Qe3 Qxe5 {[#] aiming for ...f5.} 16. Be2 {Threatens to win with 0-0.} Bc5 $1 {[%cal Bf8c5,Bc5e3,Be3g5][%mdl 32]} 17. Nxe6 $2 {[%mdl 8192]} ({White must play} 17. Bg3 $1 $15 Bxd4 18. Rxd4 Qa5+ 19. Rd2) (17. Bg3 Qd5 18. c4 Bxd4 19. Rxd4 {½-½ (52) Radjabov,T (2696)-Giri,A (2767) Novi Sad 2016}) 17... Bxe3 $146 {Black is winning.} 18. Nd6+ {[#]} Qxd6 $1 19. Rxd6 {intending Nc7+.} Bg5 ({Stronger than} 19... fxe6 20. Rxe6+ Kf7 21. Rxe3 $11) 20. Nc7+ Kd8 21. Bg3 Ra7 0-1

[Event "Top 12 FRA-chT 2017"]
[Site "Chartres"]
[Date "2017.05.20"]
[Round "3"]
[White "Stephan, Victor"]
[Black "Tregubov, Pavel V"]
[Result "0-1"]
[WhiteElo "2365"]
[BlackElo "2584"]
[Annotator "TA"]
[PlyCount "38"]
[EventDate "2017.??.??"]
[EventType "team-tourn"]
[EventCountry "FRA"]
[SourceTitle "playchess.com"]
[Source "ChessBase"]
[SourceQuality "1"]
[WhiteTeam "Lisieux"]
[BlackTeam "Clichy"]

{[%evp 14,38,8,6,12,0,0,0,-4,0,-10,-35,-32,-48,-45,-160,-157,-235,-255,-235,-248,-400,-398,-376,-406,-395,-395]} 1. d4 Nf6 2. Bf4 d5 3. e3 c5 4. Nd2 Nc6 5. c3 Bf5 6. Ngf3 e6 7. Bb5 {D00: 1 d4 d5: Unusual lines} (7. Be2 h6 8. O-O Be7 9. dxc5 Bxc5 10. c4 O-O 11. a3 Be7 12. cxd5 Nxd5 13. Bg3 Bh7 14. Nc4 Qd7 {0-1 (75) Rakhmanov,A (2667)-Alekseev,E (2632) Tallinn 2016}) 7... Qb6 8. Qa4 {LiveBook: 3 Games} Nd7 9. O-O {The position is equal.} (9. e4 $5 Bxe4 10. Nxe4 dxe4 11. Ne5 Ndxe5 12. dxe5 $11) 9... Be7 10. c4 $146 ({Predecessor:} 10. Rfe1 O-O 11. e4 Bxe4 12. Nxe4 dxe4 13. Rxe4 cxd4 14. cxd4 {1-0 (54) Spichkin,A (2130)-Arabidze,M (2390) Moscow 2016}) 10... O-O 11. cxd5 exd5 {[%cal Be6d5,Bd5e4][%mdl 32]} 12. Rfc1 Rac8 13. Bxc6 Rxc6 14. Nb3 (14. b3 $15) 14... c4 $17 15. Na5 (15. Nc5 $17 Bxc5 16. dxc5 Qxb2 17. Nd4) 15... Rcc8 $19 16. e4 dxe4 17. Nd2 $2 {[#]} (17. Nxc4 {is the only way for White.} Rxc4 18. Qxc4 exf3 19. Qd5) 17... Qa6 {Black is winning.} 18. b4 {If only White now had time for b5....} b6 {[%cal Bb7b6,Bb6b5][%mdl 32]} 19. Ndxc4 {With the idea Ne3.} b5 ({Don't play} 19... bxa5 20. Qxa5 Qxa5 21. Nxa5 $19) 0-1

[Event "Top 12 FRA-chT 2017"]
[Site "Chartres"]
[Date "2017.05.20"]
[Round "3"]
[White "Coursaget, Nicolas"]
[Black "Van Wely, Loek"]
[Result "0-1"]
[WhiteElo "2311"]
[BlackElo "2663"]
[Annotator "TA"]
[PlyCount "70"]
[EventDate "2017.??.??"]
[EventType "team-tourn"]
[EventCountry "FRA"]
[SourceTitle "playchess.com"]
[Source "ChessBase"]
[SourceQuality "1"]
[WhiteTeam "Lisieux"]
[BlackTeam "Clichy"]

{[%evp 23,70,29,68,-106,-119,-150,-145,-163,-150,-194,-110,-137,-103,-132,-106,-257,-256,-296,-289,-281,-283,-293,-292,-280,-257,-287,-222,-305,-304,-350,-358,-358,-343,-1005,-1003,-995,-895,-891,-884,-860,-847,-6479,-6379,-6379,-6295,-6295,-6295,-2464,-2376]} 1. d4 Nf6 2. c4 g6 3. f3 d5 4. cxd5 Nxd5 5. e4 Nb6 6. Nc3 Bg7 7. Be3 O-O 8. Qd2 e5 9. d5 c6 {D70: Grünfeld: Unusual White 3rd moves (met by ...d5)} 10. h4 cxd5 11. exd5 N8d7 (11... Na6 12. h5 Nb4 13. hxg6 Bf5 14. gxh7+ Kh8 15. Rd1 Nc2+ 16. Kf2 Nxe3 17. Qxe3 {½-½ (96) Giri,A (2793)-Caruana,F (2794) Moscow 2016}) 12. h5 Nf6 {LiveBook: 40 Games} 13. Rd1 $2 (13. hxg6 $1 $14 {keeps the upper hand.} fxg6 14. d6) 13... Nxh5 $17 14. Bh6 {[#]} f5 $1 15. Bxg7 Kxg7 ({But not} 15... Nxg7 16. Qh6 $15) 16. g3 $146 ({Predecessor:} 16. d6 Be6 17. Nh3 {0-1 (37) Geirnaert,S (2451)-Hovhannisyan,M (2509) Schelle 2015}) 16... f4 (16... Bd7 $19 17. b3 Qf6) 17. gxf4 Rxf4 18. Qe3 Qd6 {...Ng3 is the strong threat.} 19. a3 $2 (19. Nge2 $17 {was called for.} Rf8 20. Ne4 Qb4+ 21. N2c3) 19... Ng3 $19 20. Ne4 Rxe4 21. fxe4 Nxh1 22. Rd2 Bg4 23. Rh2 {And now Qh6+ would win.} h5 {Hoping for ...Qc7.} 24. Rxh1 Rf8 25. Be2 Qf6 26. Nh3 Bxe2 27. Qxe2 Rc8 {aiming for ...Rc1+.} 28. Kd1 $2 (28. Qd2 Nc4 29. Qg5) 28... Nc4 {Black is clearly winning.} 29. Rh2 {[#]} Ne3+ $1 {[%mdl 512]} 30. Qxe3 Qf1+ 31. Kd2 Qc1+ 32. Kd3 Qc4+ 33. Kd2 Qc2+ 34. Ke1 Qxh2 35. Nf2 Qg1+ {Precision: White = 17%, Black = 79%.} 0-1

[Event "Top 12 FRA-chT 2017"]
[Site "Chartres"]
[Date "2017.05.20"]
[Round "3"]
[White "Ouakhir, Pierre Mehdi"]
[Black "Bellahcene, Bilel"]
[Result "1/2-1/2"]
[WhiteElo "2277"]
[BlackElo "2452"]
[Annotator "TA"]
[PlyCount "79"]
[EventDate "2017.??.??"]
[EventType "team-tourn"]
[EventCountry "FRA"]
[SourceTitle "playchess.com"]
[Source "ChessBase"]
[SourceQuality "1"]
[WhiteTeam "Montpellier"]
[BlackTeam "Tremblay-En-France"]

{[%evp 9,79,0,26,6,31,25,60,63,67,65,70,50,74,59,104,56,114,83,86,95,116,114,119,119,162,156,150,120,125,88,113,116,100,66,63,64,76,0,65,56,59,56,56,-25,-14,-30,0,0,0,0,0,0,0,0,0,0,0,0,0,-7,-6,-7,-7,-85,0,0,0,-1,-7,-7,0,0]} 1. d4 Nf6 2. Bg5 Ne4 3. h4 d5 4. Nd2 Nxg5 5. hxg5 g6 (5... e5 $5) 6. e3 {A45: Trompowsky Attack} Bg7 (6... e5 $5) 7. f4 c6 (7... c5 8. c3 Qb6 9. Qb3 Nc6 10. Be2 Bd7 11. Ngf3 Qxb3 12. axb3 cxd4 13. exd4 h6 {1-0 (35) Miladinovic,I (2630)-Manca,F (2366) Genova 2004}) 8. Qf3 {White is slightly better.} a5 $146 ({Predecessor:} 8... Bf5 9. O-O-O Qa5 10. g4 Bd7 11. Kb1 Na6 12. Rh4 O-O-O 13. Qh1 f6 {½-½ (26) Landenbergue,C (2300)-Lematschko,T (2340) Biel 1987}) 9. g4 e6 10. Rh2 Nd7 11. Qh1 Nf8 12. Ngf3 Bd7 ({Black should play} 12... e5 $14) 13. Bd3 c5 14. c3 cxd4 15. exd4 Qc7 16. Ne5 Bxe5 17. fxe5 Qd8 18. Rf2 Qxg5 19. Qf3 O-O-O 20. Qxf7 h5 21. Qf6 Qe3+ 22. Be2 Nh7 23. Qxg6 ({Better is} 23. Qf4 $16 Qxf4 24. Rxf4) 23... Rdg8 (23... Rdf8 $11 24. Rxf8+ Rxf8) 24. Qd3 $14 ({Don't go for} 24. Qxh5 $2 Ng5 $19) 24... Qxd3 25. Bxd3 hxg4 {next ...Ng5 is good for Black.} 26. Bxh7 (26. O-O-O $14) 26... Rxh7 $11 27. O-O-O Rhg7 28. Rg1 g3 29. Rfg2 Bb5 30. Nf1 Bxf1 31. Rxf1 {[%mdl 4096] Endgame KRR-KRR} Kd7 32. Kd2 b5 {[%cal Bb7b5,Bb5b4][%mdl 32]} 33. Ke3 b4 34. Rfg1 Kc6 35. Rf1 Kb5 36. Kd3 (36. Rf6 $11) 36... Kc6 ({Black should try} 36... Rh7 $17) 37. Rf3 {The position is equal.} Rg6 38. Ke3 Kb5 39. Kd3 Kc6 40. Ke3 {Precision: White = 56%, Black = 49%.} 1/2-1/2

[Event "Top 12 FRA-chT 2017"]
[Site "Chartres"]
[Date "2017.05.20"]
[Round "3"]
[White "Maisuradze, Nino"]
[Black "Dacalor, Aurelie"]
[Result "1-0"]
[WhiteElo "2260"]
[BlackElo "1997"]
[Annotator "NA"]
[PlyCount "167"]
[EventDate "2017.??.??"]
[EventType "team-tourn"]
[EventCountry "FRA"]
[SourceTitle "playchess.com"]
[Source "ChessBase"]
[SourceQuality "1"]
[WhiteTeam "Bischwiller"]
[BlackTeam "Bois-Colombes"]
[TimeControl "40/5400+30:1800+30"]

1. d4 {[%emt 0:02:35]} Nf6 {[%emt 0:00:05]} 2. Nc3 {[%emt 0:01:25]} d5 {[%emt 0:00:42]} 3. Bf4 {[%emt 0:01:04]} e6 {[%emt 0:08:23]} 4. e3 {[%emt 0:01:21]} b6 {[%emt 0:04:27]} 5. a3 Bb7 {[%emt 0:10:07]} 6. Nf3 {[%emt 0:09:07]} Be7 {[%emt 0:04:28]} 7. Bd3 {[%emt 0:04:50]} O-O {[%emt 0:00:47]} 8. Ne5 {[%emt 0:00:44]} c5 {[%emt 0:01:27]} 9. h4 {[%emt 0:08:48]} Nc6 {[%emt 0:05:21]} 10. Nxc6 {[%emt 0:03:03]} Bxc6 {[%emt 0:00:03]} 11. Qf3 {[%emt 0:06:02]} c4 {[%emt 0:10:06]} 12. Bxc4 {[%emt 0:04:05]} b5 {[%emt 0:11:16]} 13. Bd3 {[%emt 0:01:54]} Qb6 {[%emt 0:10:15]} 14. O-O {[%emt 0:03:56]} a5 {[%emt 0:02:14]} 15. Bg5 {[%emt 0:14:55]} h6 {[%emt 0:01:47]} 16. Bxf6 {[%emt 0:01:32]} Bxf6 {[%emt 0:01:33]} 17. h5 {[%emt 0:02:10]} b4 {[%emt 0:05:28]} 18. Ne2 {[%emt 0:02:13]} Bb5 {[%emt 0:08:56]} 19. Nf4 {[%emt 0:04:32]} Rfc8 {[%emt 0:01:21]} 20. Qe2 {[%emt 0:01:20]} Bc6 {[%emt 0:00:48]} 21. Rfb1 {[%emt 0:10:58]} e5 {[%emt 0:02:45]} 22. dxe5 {[%emt 0:00:09]} Bxe5 {[%emt 0:00:04]} 23. Qg4 {[%emt 0:03:19]} d4 {[%emt 0:03:56]} 24. Qf5 {[%emt 0:05:59]} Re8 {[%emt 0:02:57]} 25. Bc4 {[%emt 0:02:02]} Bf6 {[%emt 0:01:01]} 26. Nd5 {[%emt 0:04:20]} Bxd5 {[%emt 0:01:15]} 27. Bxd5 {[%emt 0:00:27]} Re5 {[%emt 0:00:52]} 28. Qf3 {[%emt 0:00:20]} Rd8 {[%emt 0:00:12]} 29. e4 {[%emt 0:00:12]} Qc5 {[%emt 0:01:04]} 30. Qb3 {[%emt 0:00:47]} Re7 {[%emt 0:01:13]} 31. axb4 {[%emt 0:00:10]} Qxb4 {[%emt 0:00:22]} 32. Qxb4 {[%emt 0:00:49]} axb4 {[%emt 0:00:01]} 33. Ra4 {[%emt 0:00:16]} Rc8 {[%emt 0:00:19]} 34. Bb3 {[%emt 0:01:05]} Rxe4 {[%emt 0:00:20]} 35. Rxb4 {[%emt 0:00:10]} Re7 {[%emt 0:01:29]} 36. Ra1 {[%emt 0:00:39]} d3 {[%emt 0:00:30]} 37. cxd3 {[%emt 0:00:20]} Bxb2 {[%emt 0:00:02]} 38. Bxf7+ {[%emt 0:00:21]} Kxf7 {[%emt 0:00:25]} 39. Rxb2 {[%emt 0:00:02]} Rd8 {[%emt 0:00:13]} 40. Rd2 {[%emt 0:01:01]} Re5 {[%emt 0:30:22]} 41. Ra7+ {[%emt 0:02:27]} Kf6 {[%emt 0:00:00]} 42. Ra6+ {[%emt 0:00:45]} Kf7 {[%emt 0:00:00]} 43. Ra7+ {[%emt 0:05:09]} Kf6 {[%emt 0:00:00]} 44. Rb2 {[%emt 0:01:30]} Rd6 {[%emt 0:00:00]} 45. Rbb7 {[%emt 0:03:53]} Rxh5 {[%emt 0:00:00]} 46. Rf7+ {[%emt 0:00:45]} Ke5 {[%emt 0:00:00]} 47. Rxg7 {[%emt 0:12:28]} Rxd3 {[%emt 0:00:00]} 48. Ra5+ {[%emt 0:00:54]} Kf6 {[%emt 0:00:00]} 49. Rxh5 {[%emt 0:00:40]} Kxg7 {[%emt 0:00:00]} 50. Ra5 {[%emt 0:01:04]} Kg6 {[%emt 0:00:00]} 51. Kh2 {[%emt 0:00:49]} Rb3 {[%emt 0:00:03]} 52. g4 {[%emt 0:00:32]} Rb1 {[%emt 0:02:07]} 53. Kg3 {[%emt 0:00:18]} Rb3+ {[%emt 0:01:54]} 54. f3 {[%emt 0:00:03]} Rc3 {[%emt 0:00:28]} 55. Re5 {[%emt 0:00:36]} Kf6 {[%emt 0:00:26]} 56. Rb5 {[%emt 0:04:47]} Ra3 {[%emt 0:00:25]} 57. Rb4 {[%emt 0:01:41]} Kg5 {[%emt 0:00:37]} 58. Rb8 {[%emt 0:00:03]} Kf6 {[%emt 0:00:22]} 59. Rh8 {[%emt 0:01:11]} Kg7 {[%emt 0:00:05]} 60. Rd8 {[%emt 0:00:15]} Kf6 {[%emt 0:00:37]} 61. Kf4 {[%emt 0:00:52]} Ra4+ {[%emt 0:00:37]} 62. Ke3 {[%emt 0:00:09]} Ra1 {[%emt 0:01:38]} 63. f4 {[%emt 0:00:56]} Rg1 {[%emt 0:00:37]} 64. Rd6+ {[%emt 0:00:34]} Kg7 {[%emt 0:00:35]} 65. Kf3 {[%emt 0:00:06]} Rf1+ {[%emt 0:00:00]} 66. Ke4 {[%emt 0:00:12]} Re1+ {[%emt 0:00:27]} 67. Kf5 {[%emt 0:00:19]} Re7 {[%emt 0:01:00]} 68. Rg6+ {[%emt 0:00:08]} Kh7 {[%emt 0:00:11]} 69. g5 {[%emt 0:01:27]} hxg5 {[%emt 0:00:36]} 70. Rxg5 {[%emt 0:00:12]} Re1 {[%emt 0:01:50]} 71. Kf6 {[%emt 0:00:00]} Kh6 {[%emt 0:01:15]} 72. Rg8 {[%emt 0:01:17]} Kh7 {[%emt 0:00:10]} 73. Rg7+ {[%emt 0:00:31]} Kh6 {[%emt 0:01:20]} 74. f5 {[%emt 0:00:38]} Re2 {[%emt 0:00:26]} 75. Re7 {[%emt 0:00:34]} Rf2 {[%emt 0:00:19]} 76. Re5 {[%emt 0:00:26]} Ra2 {[%emt 0:00:50]} 77. Kf7 {[%emt 0:00:29]} Ra7+ {[%emt 0:00:34]} 78. Re7 {[%emt 0:00:04]} Ra1 {[%emt 0:00:27]} 79. f6 {[%emt 0:00:33]} Rb1 {[%emt 0:00:28]} 80. Kf8 {[%emt 0:01:07]} Rb8+ {[%emt 0:00:15]} 81. Re8 {[%emt 0:00:19]} Rb7 {[%emt 0:00:39]} 82. f7 {[%emt 0:00:20]} Kh7 {[%emt 0:00:42]} 83. Re2 {[%emt 0:00:51]} Kg6 {[%emt 0:00:30]} 84. Kg8 {[%emt 0:00:16]} 1-0

[Event "Top 12 FRA-chT 2017"]
[Site "Chartres"]
[Date "2017.05.20"]
[Round "3"]
[White "Dubois, Jean-Marie"]
[Black "Boudiba, Mahfoud"]
[Result "0-1"]
[WhiteElo "2255"]
[BlackElo "2409"]
[Annotator "NA"]
[PlyCount "134"]
[EventDate "2017.??.??"]
[EventType "team-tourn"]
[EventCountry "FRA"]
[SourceTitle "playchess.com"]
[Source "ChessBase"]
[SourceQuality "1"]
[WhiteTeam "Montpellier"]
[BlackTeam "Tremblay En France"]
[TimeControl "40/5400+30:1800+30"]

1. d4 {[%emt 0:00:00]} d5 {[%emt 0:00:05]} 2. c4 {[%emt 0:00:00]} e6 {[%emt 0:00:09]} 3. Nc3 {[%emt 0:00:00]} c5 {[%emt 0:00:16]} 4. cxd5 {[%emt 0:00:06]} exd5 {[%emt 0:00:08]} 5. Nf3 {[%emt 0:00:13]} Nc6 {[%emt 0:00:08]} 6. dxc5 {[%emt 0:00:28]} d4 {[%emt 0:01:26]} 7. Na4 {[%emt 0:00:27]} Bxc5 {[%emt 0:06:21]} 8. Nxc5 {[%emt 0:00:13]} Qa5+ {[%emt 0:00:03]} 9. Bd2 {[%emt 0:01:02]} Qxc5 {[%emt 0:00:07]} 10. Rc1 {[%emt 0:02:35]} Qd6 {[%emt 0:03:16]} 11. e3 {[%emt 0:10:28]} dxe3 {[%emt 0:15:29]} 12. Bxe3 {[%emt 0:00:54]} Qxd1+ {[%emt 0:02:11]} 13. Rxd1 {[%emt 0:00:19]} Be6 {[%emt 0:00:05]} 14. Bb5 {[%emt 0:09:10]} Nge7 {[%emt 0:06:51]} 15. Bc5 {[%emt 0:21:39]} a6 {[%emt 0:13:45]} 16. Bxc6+ {[%emt 0:05:13]} Nxc6 {[%emt 0:00:28]} 17. Ng5 {[%emt 0:04:01]} Rd8 {[%emt 0:08:25]} 18. O-O {[%emt 0:10:14]} Rxd1 {[%emt 0:10:06]} 19. Rxd1 {[%emt 0:00:16]} Bxa2 {[%emt 0:00:29]} 20. Ne4 {[%emt 0:01:30]} h5 {[%emt 0:00:18]} 21. Nd6+ {[%emt 0:03:10]} Kf8 {[%emt 0:00:19]} 22. Nxb7+ {[%emt 0:03:24]} Kg8 {[%emt 0:00:06]} 23. Rd6 {[%emt 0:01:27]} Rh6 {[%emt 0:00:32]} 24. Rxh6 {[%emt 0:05:49]} gxh6 {[%emt 0:00:03]} 25. f4 {[%emt 0:01:38]} Kg7 {[%emt 0:00:31]} 26. Kf2 {[%emt 0:03:37]} Bd5 {[%emt 0:02:03]} 27. Nd6 {[%emt 0:01:41]} Kg6 {[%emt 0:03:30]} 28. g3 {[%emt 0:06:53]} Kf6 {[%emt 0:01:02]} 29. Ke3 {[%emt 0:01:19]} Ke6 {[%emt 0:00:56]} 30. b4 {[%emt 0:05:42]} Ne7 {[%emt 0:01:09]} 31. Kd3 {[%emt 0:01:02]} Bc6 {[%emt 0:01:53]} 32. h3 {[%emt 0:00:54]} Bg2 {[%emt 0:01:30]} 33. g4 {[%emt 0:00:24]} Bxh3 {[%emt 0:01:12]} 34. f5+ {[%emt 0:00:19]} Kd7 {[%emt 0:05:21]} 35. Nxf7 {[%emt 0:00:08]} Bxg4 {[%emt 0:02:01]} 36. Ne5+ {[%emt 0:00:24]} Kd8 {[%emt 0:01:33]} 37. f6 {[%emt 0:00:17]} Ng6 {[%emt 0:00:08]} 38. Nf7+ {[%emt 0:01:25]} Ke8 {[%emt 0:00:49]} 39. Nxh6 {[%emt 0:00:15]} Be6 {[%emt 0:00:05]} 40. Ke4 {[%emt 0:00:51]} h4 {[%emt 0:31:10]} 41. Nf5 {[%emt 0:30:31]} Kf7 {[%emt 0:06:22]} 42. Bd4 {[%emt 0:00:00]} Bd7 {[%emt 0:00:00]} 43. Nh6+ {[%emt 0:00:00]} Ke6 {[%emt 0:00:00]} 44. Kf3 {[%emt 0:00:00]} Kd5 {[%emt 0:00:00]} 45. Bc5 {[%emt 0:00:00]} Be6 {[%emt 0:00:00]} 46. Ng4 {[%emt 0:00:42]} a5 {[%emt 0:00:00]} 47. Ne3+ {[%emt 0:01:17]} Kc6 {[%emt 0:00:00]} 48. Nc2 {[%emt 0:00:30]} Bf7 {[%emt 0:00:00]} 49. Bd4 {[%emt 0:00:48]} Bb3 {[%emt 0:00:00]} 50. Na1 {[%emt 0:00:28]} Bd5+ {[%emt 0:00:00]} 51. Kg4 {[%emt 0:00:33]} axb4 {[%emt 0:00:00]} 52. Nc2 {[%emt 0:00:45]} Kb5 {[%emt 0:00:00]} 53. Nxb4 {[%emt 0:00:37]} Kxb4 {[%emt 0:00:00]} 54. Kf5 {[%emt 0:00:26]} h3 {[%emt 0:00:00]} 55. Bg1 {[%emt 0:00:23]} Nh8 {[%emt 0:00:00]} 56. Bh2 {[%emt 0:00:52]} Nf7 {[%emt 0:00:00]} 57. Kg4 {[%emt 0:00:34]} Be6+ {[%emt 0:00:00]} 58. Kh5 {[%emt 0:00:05]} Bf5 {[%emt 0:00:00]} 59. Kh4 {[%emt 0:00:44]} Kc4 {[%emt 0:00:00]} 60. Kg3 {[%emt 0:00:09]} Kd3 {[%emt 0:00:00]} 61. Bg1 {[%emt 0:00:48]} Ke2 {[%emt 0:00:00]} 62. Ba7 {[%emt 0:00:28]} Be6 {[%emt 0:00:00]} 63. Bd4 {[%emt 0:00:36]} Ng5 {[%emt 0:00:00]} 64. Bb6 {[%emt 0:00:40]} Ne4+ {[%emt 0:00:00]} 65. Kh2 {[%emt 0:00:34]} Nd2 {[%emt 0:00:00]} 66. f7 {[%emt 0:00:24]} Nf1+ {[%emt 0:00:00]} 67. Kg1 {[%emt 0:00:19]} h2+ {[%emt 0:00:00]} 0-1

[Event "Top 12 FRA-chT 2017"]
[Site "Chartres"]
[Date "2017.05.20"]
[Round "3"]
[White "Adrian, Claude"]
[Black "Babault, Patrice"]
[Result "1-0"]
[WhiteElo "2234"]
[BlackElo "2411"]
[Annotator "TA"]
[PlyCount "46"]
[EventDate "2017.??.??"]
[EventType "team-tourn"]
[EventCountry "FRA"]
[SourceTitle "playchess.com"]
[Source "ChessBase"]
[SourceQuality "1"]
[WhiteTeam "Vandoeuvre"]
[BlackTeam "Nice Alekhine"]

{[%evp 19,46,20,24,17,16,0,141,148,197,189,187,158,193,204,288,277,245,121,239,237,209,198,632,600,624,617,790,-308,666]} 1. d4 d5 2. Nf3 Nf6 3. c4 c6 4. g3 {[%cal Bg2g3,Bg3g4,Bg4g5][%mdl 32]} Bf5 5. Nc3 e6 6. Nh4 {D11: Slav Defence: 3 Nf3 sidelines and 3...Nf6 4 e3 Bg4} Bg4 7. h3 Bh5 8. g4 Bg6 9. Qb3 Qb6 10. Nxg6 hxg6 {LiveBook: 4 Games} 11. g5 Ng8 12. c5 $146 ({Predecessor:} 12. e4 dxe4 13. Nxe4 {½-½ (61) Tkachiev,V (2649)-Artemiev,V (2524) Khanty-Mansiysk 2013}) 12... Qc7 (12... Qxb3 $11 {remains equal.} 13. axb3 Ne7) 13. Bf4 $1 $16 {[%cal Rf4c7]} Qc8 14. e4 Ne7 15. O-O-O dxe4 16. Nxe4 {Threatens to win with Nd6+.} Nf5 (16... Nd5 $142) 17. h4 $1 $18 Na6 18. Bh3 (18. h5 $18 {and White stays clearly on top.}) 18... Rxh4 {[#]} (18... Qd7 $16 {might work better.}) 19. Bxf5 $1 Rxf4 20. Rh8 Qd7 $2 (20... Rxe4 21. Bxe4 Qd7) 21. Nd6+ $1 Ke7 22. Be4 Qc7 23. Bf5 $4 {[%mdl 8192]} (23. Qe3 $18 Rf5 24. Bxf5 gxf5 25. Nxf5+ Kd7 {[#]} 26. Nd6 $1 {[%mdl 512]}) 23... Kd7 $4 {[%mdl 8192] Precision: White = 58%, Black = 28%.} ({Less strong is} 23... gxf5 24. g6 $17) (23... Rxf5 $19 24. Nxf5+ gxf5) 1-0